SENSO (Record n. 104856)

Dettagli MARC
000 -LEADER
fixed length control field 02432agaaa2200325 4500
001 - CONTROL NUMBER
control field 1626
003 - CONTROL NUMBER IDENTIFIER
control field IT-RoPAU
005 - DATE AND TIME OF LATEST TRANSACTION
control field 20220918181226.0
007 - PHYSICAL DESCRIPTION FIXED FIELD--GENERAL INFORMATION
fixed length control field d cvaizq
008 - FIXED-LENGTH DATA ELEMENTS--GENERAL INFORMATION
fixed length control field 50131s9999||||xx ||| | || ||und||
040 ## - CATALOGING SOURCE
Original cataloging agency IT-RoPAU
Transcribing agency IT-RoPAU
041 ## - LANGUAGE CODE
Language code of text/sound track or separate title ITALIANO
100 ## - MAIN ENTRY--PERSONAL NAME
Personal name Visconti Luchino
Miscellaneous information Codice regista SPICS: 626
9 (RLIN) 38042
130 ## - MAIN ENTRY--UNIFORM TITLE
Uniform title SENSO
9 (RLIN) 38043
245 ## - TITLE STATEMENT
Title SENSO
Statement of responsibility, etc. Prodotto da: Visconti Luchino -- Sceneggiatura: Visconti Luchino Cecchi D'Amico Suso -- Diretto da: Visconti Luchino
Name of part/section of a work SENSO (Rif. Codice opera principale : 21626)
250 ## - EDITION STATEMENT
Edition statement Edizione Standard
260 ## - PUBLICATION, DISTRIBUTION, ETC. (IMPRINT)
Place of publication, distribution, etc. (ITALIA)
Name of publisher, distributor, etc. LUX FILM / Distribuzione: RAI
Date of manufacture "1954 (1° ed.: 1983 ; Ed. Lingua Orig.: 1954)"
300 ## - PHYSICAL DESCRIPTION
Extent VHS
Other physical details sonoro, col.
Dimensions 120 minuti
508 ## - CREATION/PRODUCTION CREDITS NOTE
Creation/production credits note "Fotografia: Aldo G.R.; Musica: Bruckner Joseph Anton; Sceneggiatura: Visconti Luchino Cecchi D'Amico Suso; Soggetto: Visconti Luchino -- Cecchi D'Amico Suso"
511 ## - PARTICIPANT OR PERFORMER NOTE
Participant or performer note "Granger Farley; Valli Alida; Girotti Massimo; Morelli Rina; Marquand Christian"
520 ## - SUMMARY, ETC.
Summary, etc. A VENEZIA ALLA VIGILIA DELLA BATTAGLIA DI CUSTOZA UNA PATRIZIA VENETA LA CONTESSA LIVIA SERPIERI MOGLIE DI UN AUSTRIACANTE MA ARDENTE DI ZELO PATRIOTTICO SI INNAMORA DI UN GIOVANE UFFICIALE AUSTRIACO FRANZ MAHLER L'AMORE DIVENTA BEN PRESTO PASSIONE E NON TARDA A PRIVARLA DI OGNI DIGNITA' FRANZ E' UN INDIVIDUO EQUIVOCO E VILE FINGE DI AMARE LIVIA MIRA IN REALTA' SOLO AL SUO DENARO PERCHE' NE HA BISOGNO PER PAGARE UN MEDICO E FARSI ESONERARE DAL SERVIZIO MILITARE LIVIA E' COSI' CIECA CHE NON SI ACCORGE DI NULLA E QUANDO LUI LE CHIEDE IL DENARO LEI NON ESITA A DARGLI QUELLO CHE I PATRIOTI ITALIANI LE AVEVANO CONFIDATO PER LE SPESE DI GUERRA FRANZ AVUTO QUELLO CHE VOLEVA NON SI FA PIU' VIVO CON LIVIA MA LEI SI METTE SULLE SUE TRACCE E LO RAGGIUNGE L'INCONTRO E' TERRIBILE LIVIA FUORI DI SE' CORRE AL COMANDO AUSTRIACO E RIVELA CON QUALE INGANNO FRANZ ERA RIUSCITO A FARSI ESONERARE IL GIOVANE E' FUCILATO E LIVIA PERDE LA RAGIONE
538 ## - SYSTEM DETAILS NOTE
System details note PAL, STEREO
546 ## - LANGUAGE NOTE
Language note ITALIANO
650 ## - SUBJECT ADDED ENTRY--TOPICAL TERM
Topical term or geographic name as entry element DRAMMATICO
Relator term FILMS [VHS]
General subdivision Codice MATERIA SPICS: 9960
9 (RLIN) 34083
700 ## - ADDED ENTRY--PERSONAL NAME
Personal name Bruckner Joseph Anton
Relator term (musica)
Miscellaneous information Codice Musica SPICS: 10727
9 (RLIN) 38044
700 ## - ADDED ENTRY--PERSONAL NAME
Personal name Cecchi D'Amico Suso
Relator term (soggetto)
Miscellaneous information Codice Soggetto 2° SPICS: 7581
9 (RLIN) 38045
700 ## - ADDED ENTRY--PERSONAL NAME
Personal name Visconti Luchino
Relator term (regista)
Miscellaneous information Codice regista SPICS: 626
9 (RLIN) 38046
700 ## - ADDED ENTRY--PERSONAL NAME
Personal name Visconti Luchino
Relator term (soggetto)
Miscellaneous information Codice Soggetto SPICS: 626
9 (RLIN) 38047
942 ## - ADDED ENTRY ELEMENTS (KOHA)
Koha item type VHS - VIDEO
Source of classification or shelving scheme Dewey Decimal Classification
Dati di copia
Withdrawn status Lost status Damaged status Not for loan Home library Current library Date acquired Total Checkouts Full call number Date last seen Price effective from Koha item type Public note
    Buone Condizioni Not For Loan SPICS-MEDIATECA SPICS-MEDIATECA 31/01/2015   21626 31/01/2015 31/01/2015 VHS - VIDEO Progr. Ins.: 1422 / N.Vol.:1 / Copie: 1 / Pag.: / Copia rara: n.d. / date import: 1.2.2015 / By Epidotti, Trombetti, Vaglietti
CREDITS: SOCIETA' SAN PAOLO Via A.Severo, 58 - ROMA (RM) & PERIODICI SAN PAOLO SRL Via Giotto, 36 MILANO & CISF Via Giotto, 36 MILANO & EDIZIONI SAN PAOLO SRL,  Piazza Soncino, 5 CINISELLO BALSAMO (MI) -- ITALY